Avances en el conocimiento oceanográfico de las aguas interiores chilenas, Puerto Montt a Cabo de Hornos.

সংরক্ষণ করুন:
গ্রন্থ-পঞ্জীর বিবরন
অন্যান্য লেখক: Silva Sandoval, Nelson Rigoberto (Editor), Palma González, Sergio Servando (autor)
বিন্যাস: গ্রন্থ
ভাষা:স্প্যানিশ
প্রকাশিত: Valparaíso, Chile: Comité Oceanográfico Nacional, 2006.
বিষয়গুলি:
ট্যাগগুলো: ট্যাগ যুক্ত করুন
কোনো ট্যাগ নেই, প্রথমজন হিসাবে ট্যাগ করুন!

MARC

LEADER 00000nam a2200000 a 4500
001 UCI3779
003 CL-VaPUC
005 20241011114527.0
008 071130e20060000CL |||||||||||||||||spa|d
999 |c 327872  |d 327870 
040 |c Pontificia Universidad Católica de Valparaíso 
082 0 4 |a 551.462 SIL 2006  |2 21 
100 0 |a Silva Sandoval, Nelson Rigoberto  |e editor  |9 525304 
245 1 0 |a Avances en el conocimiento oceanográfico de las aguas interiores chilenas, Puerto Montt a Cabo de Hornos. 
260 |a Valparaíso, Chile:   |b Comité Oceanográfico Nacional,   |c 2006. 
300 |a 162 páginas.  
500 |a c.4 Donación (julio 2022) 
583 |a last modification  |c 20071130 00:00:00  |k Rodrigo Vera 
650 0 |a Corrientes marinas  |9 261372  |z Puerto Montt a Cabo de Hornos 
650 0 |a Mareas  |9 261385 
650 0 |a Oceanografía  |9 260014 
650 0 |a Topografía   |9 260423 
650 0 |a Geomorfología   |9 261377 
700 |a Palma González, Sergio Servando  |e autor  |9 525305 
942 |c BK  |2 ddc 
945 |d 20071130 00:00:00  |a rbrito 
952 |0 0  |1 0  |4 0  |6 551_470100000000000_SIL_2006  |7 0  |8 A  |9 411371  |a BIBING  |b BIBING  |d 2019-11-22  |i 4393376  |o 551.4701 SIL 2006  |p 4393376  |r 2025-01-20  |w 2019-11-22  |y BK  |k GEO 
952 |0 0  |1 0  |2 ddc  |4 0  |6 551_470100000000000_SIL_2006  |7 0  |8 CCM  |9 411372  |a BIBCUR  |b BIBCUR  |c PAC  |d 2019-11-22  |i 4420144  |o 551.4701 SIL 2006  |p 4420144  |r 2025-04-22  |w 2019-11-22  |y BK  |k CIM 
952 |0 0  |1 0  |4 0  |6 551_470100000000000_SIL_2006  |7 0  |8 CCM  |9 455560  |a BIBCUR  |b BIBCUR  |d 2019-11-22  |i 4962133  |o 551.4701 SIL 2006  |p 4962133  |r 2025-04-22  |w 2019-11-22  |y BK  |k CIM 
952 |0 0  |1 0  |2 ddc  |4 0  |6 551_470100000000000_SIL_2006  |7 0  |8 A  |9 587635  |a BIBCUR  |b BIBCUR  |c GEN  |d 2022-11-09  |e Donación   |i 5655514  |o 551.4701 SIL 2006  |p 5655514  |r 2025-04-22  |t 4  |w 2022-11-09  |y BK  |k CIM